000 00987nab a22002177a 4500
999 _c5602
_d5602
003 OSt
005 20251222094440.0
008 190429b xxu||||| |||| 00| 0 spa d
040 _cPJ
100 _96574
_aFrezza, Ángeles Belén
245 1 0 _aRégimen penal juvenil. Una propuesta violenta y punitivista frente al diseño e implementación de políticas de niñez y adolescencia /
_cÁngeles Belén Frezza.
260 _cCiudad Autónoma de Buenos Aires :
_aThomson Reuters La Ley,
_b2025.
300 _ap. 187-190
500 _aCita: AR/DOC/1345/2025.
505 _tSi te interesa el texto completo, solicitalo a koha@justierradelfuego.gov.ar
650 0 _9343
_aDERECHO PENAL
650 0 _92730
_aRÉGIMEN PENAL DE LA MINORIDAD
650 0 _92741
_aDERECHOS DE LAS NIÑAS, NIÑOS Y ADOLESCENTES
773 0 _02658
_93164
_tRevista de derecho penal y criminología. Nº 6 - Julio 2025
_dCiudad Autónoma de Buenos Aires : Thomson Reuters La Ley, 2017-
_x00347914
942 _2udc
_cANA